Humoristes par noms de spectacles - Statistiques

Statistiques générales
  • Ce quiz a été pris 146 fois
  • Le résultat moyen est 5 sur 10
Statistiques - réponses
Spectacles Humoriste(s) % Correct
Mother Fucker / Madame F... / F... F... and friends Florence Foresti
77%
La vie normale / L'autre c'est moi / Papa est en haut / Gad Elmaleh
77%
The young man show / Voila Voila / Sois 10 ans Kev Adams
54%
Je parle toute seule / Bonne nuit B... Blanche Gardin
53%
Anesthésie Générale / Vends 2 pièces à Beyrouth / Hallelujah Bordel ! Jeremy Ferrari
48%
Maintenant ou J... / Tout sur J... / 100% D..... Jamel Debbouze
47%
Romantique / .. à l'état sauvage /Fifty fifty Franck Dubosc
40%
Origines / Voir les gens /B... L... se tape l'affiche Baptiste Lecaplain
23%
Bien dégagé autour des oreilles... SVP ! / C'est vous qui voyez ! / Vous reprendrez bien quelques sketches ? Chevallier et Laspales
22%
Mon psy va mieux / Des animaux et des hommes / 100% B... Jean-Marie Bigard
21%
Aucun quiz correspondant
Distribution des résultats
% des personnes avec chaque résultat
Percentile par nombre de réponses
Votre historique - résultats
Vous n’avez pas pris ce quiz